[Event "Irena Warakomska Memorial A"]
[Site "Suwalki"]
[Date "2018.08.01"]
[Round "1"]
[White "Grib, Roman"]
[Black "Paprocki, Jaroslaw"]
[Result "1/2-1/2"]
[Board "27"]
[WhiteElo "2445"]
[WhiteTitle "IM"]
[WhiteCountry "BLR"]
[WhiteFideId "13506706"]
[WhiteEloChange "-4"]
[BlackElo "2143"]
[BlackCountry "POL"]
[BlackFideId "1122274"]
[BlackEloChange "7"]

1. e4 {[%clk 1:30:56]} e5 {[%clk 1:30:55]} 2. Nf3 {[%clk 1:31:17]} Nc6 {[%clk
1:31:21]} 3. Bb5 {[%clk 1:31:35]} Nf6 {[%clk 1:31:16]} 4. d3 {[%clk 1:31:03]} d6
{[%clk 1:27:56]} 5. c3 {[%clk 1:31:01]} Be7 {[%clk 1:24:55]} 6. O-O {[%clk
1:31:22]} O-O {[%clk 1:24:46]} 7. Re1 {[%clk 1:30:21]} a6 {[%clk 1:24:46]} 8. Ba4
{[%clk 1:25:08]} Nb8 {[%clk 1:21:07]} 9. Bc2 {[%clk 1:20:24]} Re8 {[%clk
1:07:27]} 10. h3 {[%clk 1:20:19]} Nbd7 {[%clk 1:06:52]} 11. d4 {[%clk 1:12:42]}
b5 {[%clk 1:04:15]} 12. a4 {[%clk 1:07:27]} Bb7 {[%clk 1:00:58]} 13. Bd3 {[%clk
1:06:00]} c6 {[%clk 0:58:26]} 14. Nbd2 {[%clk 1:05:21]} Bf8 {[%clk 0:55:43]} 15.
Qc2 {[%clk 0:56:55]} g6 {[%clk 0:47:28]} 16. b3 {[%clk 0:55:36]} Qc7 {[%clk
0:43:43]} 17. Bb2 {[%clk 0:45:09]} Nh5 {[%clk 0:41:51]} 18. c4 {[%clk 0:42:22]}
bxa4 {[%clk 0:38:18]} 19. c5 {[%clk 0:41:30]} exd4 {[%clk 0:32:27]} 20. cxd6
{[%clk 0:40:39]} Bxd6 {[%clk 0:32:49]} 21. Bxd4 {[%clk 0:40:46]} axb3 {[%clk
0:24:17]} 22. Nxb3 {[%clk 0:41:01]} a5 {[%clk 0:23:20]} 23. Bc4 {[%clk 0:23:19]}
Ne5 {[%clk 0:21:52]} 24. Nxe5 {[%clk 0:21:23]} Bxe5 {[%clk 0:22:02]} 25. Qc3
{[%clk 0:21:23]} Bxd4 {[%clk 0:15:22]} 26. Qxd4 {[%clk 0:21:17]} Re5 {[%clk
0:13:20]} 27. Nc5 {[%clk 0:18:03]} Rae8 {[%clk 0:13:20]} 28. Nd7 {[%clk 0:01:10]}
c5 {[%clk 0:05:42]} 29. Bxf7+ {[%clk 0:00:53]} Kxf7 {[%clk 0:05:13]} 30. Nxe5+
{[%clk 0:01:20]} Rxe5 {[%clk 0:04:27]} 31. Qc4+ {[%clk 0:01:36]} Kg7 {[%clk
0:02:59]} 32. Qc3 {[%clk 0:01:36]} c4 {[%clk 0:02:30]} 33. Ra4 {[%clk 0:01:35]}
Ba6 {[%clk 0:02:30]} 34. Rea1 {[%clk 0:00:42]} Nf4 {[%clk 0:01:49]} 35. Kf1
{[%clk 0:00:48]} Kf7 {[%clk 0:01:26]} 36. Rxa5 {[%clk 0:00:59]} Rxa5 {[%clk
0:01:19]} 37. Rxa5 {[%clk 0:01:04]} Qb7 {[%clk 0:00:52]} 38. g3 {[%clk 0:00:38]}
Qb1+ {[%clk 0:00:40]} 39. Qe1 {[%clk 0:01:05]} Qd3+ {[%clk 0:00:47]} 40. Kg1
{[%clk 0:31:06]} Ne2+ {[%clk 0:30:59]} 41. Kh2 {[%clk 0:27:45]} c3 {[%clk
0:30:25]} 42. Rc5 {[%clk 0:27:45]} Bc4 {[%clk 0:22:17]} 43. Qa1 {[%clk 0:25:11]}
Kg7 {[%clk 0:18:11]} 44. Rc7+ {[%clk 0:21:18]} Bf7 {[%clk 0:13:55]} 45. Qa2
{[%clk 0:19:38]} Qf3 {[%clk 0:14:09]} 46. Rxf7+ {[%clk 0:20:04]} Qxf7 {[%clk
0:14:36]} 47. Qxe2 {[%clk 0:20:30]} Qb3 {[%clk 0:14:42]} 48. Qd3 {[%clk 0:20:49]}
Qb2 {[%clk 0:14:52]} 49. Qd4+ {[%clk 0:20:30]} Kf7 {[%clk 0:11:47]} 50. Qd7+
{[%clk 0:20:11]} Kf6 {[%clk 0:11:27]} 51. Qd6+ {[%clk 0:20:09]} Kf7 {[%clk
0:11:45]} 52. Qd7+ {[%clk 0:17:44]} 1/2-1/2

[Event "Irena Warakomska Memorial A"]
[Site "Suwalki"]
[Date "2018.08.01"]
[Round "1"]
[White "Popiol, Michal"]
[Black "Omelja, Artem"]
[Result "0-1"]
[Board "28"]
[WhiteElo "2126"]
[WhiteCountry "POL"]
[WhiteFideId "1144472"]
[WhiteEloChange "-3"]
[BlackElo "2445"]
[BlackCountry "UKR"]
[BlackFideId "14119846"]
[BlackEloChange "1"]

1. d4 {[%clk 1:30:30]} e6 {[%clk 1:30:30]} 2. e4 {[%clk 1:30:30]} d5 {[%clk
1:30:30]} 3. exd5 {[%clk 1:30:30]} exd5 {[%clk 1:30:30]} 4. Nf3 {[%clk 1:30:30]}
Bd6 {[%clk 1:30:30]} 5. c4 {[%clk 1:30:30]} dxc4 {[%clk 1:30:30]} 6. Bxc4 {[%clk
1:30:30]} Nf6 {[%clk 1:30:30]} 7. O-O {[%clk 1:30:30]} O-O {[%clk 1:30:30]} 8.
Nc3 {[%clk 1:30:30]} Nc6 {[%clk 1:30:30]} 9. h3 {[%clk 1:30:30]} h6 {[%clk
1:30:30]} 10. Re1 {[%clk 1:30:30]} a6 {[%clk 1:30:30]} 11. Ne5 {[%clk 1:30:30]}
Bxe5 {[%clk 1:30:30]} 12. dxe5 {[%clk 1:30:30]} Qxd1 {[%clk 1:30:30]} 13. Nxd1
{[%clk 1:30:30]} Nd7 {[%clk 1:30:30]} 14. f4 {[%clk 1:30:30]} Nb6 {[%clk
1:30:30]} 15. Bd3 {[%clk 1:30:30]} f5 {[%clk 1:30:30]} 16. exf6 {[%clk 1:30:30]}
Rxf6 {[%clk 1:30:30]} 17. Nf2 {[%clk 1:30:30]} Nb4 {[%clk 1:30:30]} 18. Be4
{[%clk 1:30:30]} N4d5 {[%clk 1:30:30]} 19. g3 {[%clk 1:30:30]} Bf5 {[%clk
1:30:30]} 20. Bd2 {[%clk 1:30:30]} Bxe4 {[%clk 1:30:30]} 21. Rxe4 {[%clk
1:30:30]} Rc6 {[%clk 1:30:30]} 22. Rc1 {[%clk 1:30:30]} Rxc1+ {[%clk 1:30:30]}
23. Bxc1 {[%clk 1:30:30]} a5 {[%clk 1:30:30]} 24. Kf1 {[%clk 1:30:30]} c6 {[%clk
1:30:30]} 25. Nd3 {[%clk 1:30:30]} Nd7 {[%clk 1:30:30]} 26. Bd2 {[%clk 1:30:30]}
b6 {[%clk 1:30:30]} 27. Re6 {[%clk 1:30:30]} c5 {[%clk 1:30:30]} 28. Rd6 {[%clk
1:30:30]} N7f6 {[%clk 1:30:30]} 29. Ne5 {[%clk 1:30:30]} a4 {[%clk 1:30:30]} 30.
Ke2 {[%clk 1:30:30]} b5 {[%clk 1:30:30]} 31. Kf3 {[%clk 1:30:30]} Ne7 {[%clk
1:30:30]} 32. g4 {[%clk 1:30:30]} a3 {[%clk 1:30:30]} 33. b3 {[%clk 1:30:30]}
Nfd5 {[%clk 1:30:30]} 34. Ke4 {[%clk 1:30:30]} Rc8 {[%clk 1:30:30]} 35. Ra6
{[%clk 1:30:30]} c4 {[%clk 1:30:30]} 36. bxc4 {[%clk 1:30:30]} bxc4 {[%clk
1:30:30]} 37. Rxa3 {[%clk 1:30:30]} c3 {[%clk 1:30:30]} 38. Bc1 {[%clk 1:30:30]}
c2 {[%clk 1:30:30]} 39. Ra7 {[%clk 1:30:30]} Nc3+ {[%clk 1:30:30]} 40. Kd3 {[%clk
1:30:30]} Ned5 {[%clk 1:30:30]} 41. Kd2 {[%clk 1:30:30]} Nxf4 {[%clk 1:30:30]}
42. Nd3 {[%clk 1:30:30]} g5 {[%clk 1:30:30]} 43. Nxf4 {[%clk 1:30:30]} gxf4
{[%clk 1:30:30]} 44. Ra5 {[%clk 1:30:30]} f3 {[%clk 1:30:30]} 45. Ke3 {[%clk
1:30:30]} Rf8 {[%clk 1:30:30]} 46. Rf5 {[%clk 1:30:30]} Rxf5 {[%clk 1:30:30]} 47.
gxf5 {[%clk 1:30:30]} Nxa2 {[%clk 1:30:30]} 48. Bb2 {[%clk 1:30:30]} c1Q+ {[%clk
1:30:30]} 49. Bxc1 {[%clk 1:30:30]} Nxc1 {[%clk 1:30:30]} 50. Kxf3 {[%clk
1:30:30]} Nd3 {[%clk 1:30:30]} 51. Kg4 {[%clk 1:30:30]} Kg7 {[%clk 1:30:30]} 52.
h4 {[%clk 1:30:30]} Ne5+ {[%clk 1:30:30]} 53. Kf4 {[%clk 1:30:30]} Nd7 {[%clk
1:30:30]} 54. Ke4 {[%clk 1:30:30]} Kf6 {[%clk 1:30:30]} 55. Kf4 {[%clk 1:30:30]}
Ne5 {[%clk 1:30:30]} 56. Ke4 {[%clk 1:30:30]} Nf7 {[%clk 1:30:30]} 57. Kf4 {[%clk
1:30:30]} Nd6 {[%clk 1:30:30]} 58. Kg4 {[%clk 1:30:30]} Nxf5 {[%clk 1:30:30]} 0-1

[Event "Irena Warakomska Memorial A"]
[Site "Suwalki"]
[Date "2018.08.01"]
[Round "1"]
[White "Grinev, Valeriy"]
[Black "Zielinski, Wojciech"]
[Result "1-0"]
[Board "29"]
[WhiteElo "2412"]
[WhiteTitle "IM"]
[WhiteCountry "UKR"]
[WhiteFideId "14117517"]
[WhiteEloChange "2"]
[BlackElo "2169"]
[BlackCountry "POL"]
[BlackFideId "1139568"]
[BlackEloChange "-4"]

1. c4 {[%clk 1:30:59]} e6 {[%clk 1:30:36]} 2. Nf3 {[%clk 1:31:11]} Nf6 {[%clk
1:30:54]} 3. g3 {[%clk 1:31:24]} d5 {[%clk 1:31:12]} 4. d4 {[%clk 1:31:42]} Be7
{[%clk 1:30:53]} 5. Bg2 {[%clk 1:32:01]} O-O {[%clk 1:30:58]} 6. O-O {[%clk
1:32:21]} c5 {[%clk 1:26:10]} 7. cxd5 {[%clk 1:32:39]} Nxd5 {[%clk 1:26:10]} 8.
e4 {[%clk 1:25:40]} Nf6 {[%clk 1:23:39]} 9. Nc3 {[%clk 1:15:17]} cxd4 {[%clk
1:20:26]} 10. Nxd4 {[%clk 1:15:23]} e5 {[%clk 1:16:14]} 11. Nf5 {[%clk 1:14:53]}
Bxf5 {[%clk 1:13:25]} 12. exf5 {[%clk 1:15:12]} Nc6 {[%clk 1:12:53]} 13. h3
{[%clk 1:02:37]} Qxd1 {[%clk 1:04:43]} 14. Rxd1 {[%clk 1:02:58]} Rfd8 {[%clk
1:02:43]} 15. Rxd8+ {[%clk 0:51:54]} Rxd8 {[%clk 1:02:04]} 16. Be3 {[%clk
0:52:16]} Nd4 {[%clk 0:55:57]} 17. Rd1 {[%clk 0:51:11]} Ne2+ {[%clk 0:45:36]} 18.
Kf1 {[%clk 0:51:21]} Nxc3 {[%clk 0:45:59]} 19. Rxd8+ {[%clk 0:51:42]} Bxd8 {[%clk
0:46:25]} 20. bxc3 {[%clk 0:52:00]} b6 {[%clk 0:46:10]} 21. Ke2 {[%clk 0:47:45]}
Kf8 {[%clk 0:31:41]} 22. Kd3 {[%clk 0:45:14]} Ke7 {[%clk 0:29:33]} 23. Kc4 {[%clk
0:43:40]} Kd6 {[%clk 0:25:37]} 24. Kb5 {[%clk 0:38:04]} Kc7 {[%clk 0:23:40]} 25.
f4 {[%clk 0:37:06]} e4 {[%clk 0:19:39]} 26. Bd4 {[%clk 0:35:39]} Ne8 {[%clk
0:16:32]} 27. Kb4 {[%clk 0:25:41]} Be7+ {[%clk 0:14:04]} 28. Kb3 {[%clk 0:25:41]}
Nd6 {[%clk 0:14:04]} 29. Bxg7 {[%clk 0:23:48]} Nxf5 {[%clk 0:11:23]} 30. Be5+
{[%clk 0:24:10]} Bd6 {[%clk 0:09:12]} 31. Bxe4 {[%clk 0:18:58]} Nxg3 {[%clk
0:08:58]} 32. Bxh7 {[%clk 0:19:20]} Nh5 {[%clk 0:08:35]} 33. Bf5 {[%clk 0:13:49]}
Nxf4 {[%clk 0:08:27]} 34. Bd4 {[%clk 0:14:04]} Ne2 {[%clk 0:08:27]} 35. Bf6
{[%clk 0:12:51]} Ng3 {[%clk 0:07:27]} 36. Bg4 {[%clk 0:12:57]} Ne4 {[%clk
0:07:08]} 37. Bg7 {[%clk 0:13:14]} Bg3 {[%clk 0:05:43]} 38. Kb4 {[%clk 0:12:06]}
a5+ {[%clk 0:04:51]} 39. Ka4 {[%clk 0:09:58]} Nd6 {[%clk 0:03:06]} 40. Bd4 {[%clk
0:37:22]} Bh4 {[%clk 0:31:11]} 41. Be5 {[%clk 0:37:24]} Kc6 {[%clk 0:30:25]} 42.
Bf3+ {[%clk 0:37:47]} Kd7 {[%clk 0:29:59]} 43. Kb3 {[%clk 0:37:15]} f6 {[%clk
0:25:19]} 44. Bd4 {[%clk 0:35:45]} Kc7 {[%clk 0:25:33]} 45. Be3 {[%clk 0:35:47]}
Bg3 {[%clk 0:25:04]} 46. Bg1 {[%clk 0:35:47]} Nf7 {[%clk 0:25:04]} 47. Bg2 {[%clk
0:33:47]} Nd6 {[%clk 0:19:23]} 48. Kc2 {[%clk 0:34:06]} Nb5 {[%clk 0:18:26]} 49.
Kd3 {[%clk 0:31:19]} Be1 {[%clk 0:16:59]} 50. c4 {[%clk 0:31:39]} Nd6 {[%clk
0:17:05]} 51. Kd4 {[%clk 0:31:01]} Nf7 {[%clk 0:14:49]} 52. Ke4 {[%clk 0:29:36]}
Ne5 {[%clk 0:13:36]} 53. Bf1 {[%clk 0:29:36]} Kc6 {[%clk 0:12:30]} 54. Be2 {[%clk
0:29:57]} Bh4 {[%clk 0:10:17]} 55. Kf5 {[%clk 0:30:18]} Kc7 {[%clk 0:10:09]} 56.
Bd4 {[%clk 0:29:34]} Kc6 {[%clk 0:09:38]} 57. Be3 {[%clk 0:29:59]} a4 {[%clk
0:09:38]} 58. Bg1 {[%clk 0:23:36]} Kc7 {[%clk 0:07:39]} 59. Bd4 {[%clk 0:23:58]}
Kc6 {[%clk 0:07:06]} 60. Be3 {[%clk 0:24:21]} a3 {[%clk 0:07:31]} 61. Bf1 {[%clk
0:21:14]} Kc7 {[%clk 0:07:07]} 62. Bc1 {[%clk 0:21:19]} Kc6 {[%clk 0:02:04]} 63.
Bxa3 {[%clk 0:21:39]} Kd7 {[%clk 0:02:32]} 64. Bc1 {[%clk 0:21:44]} Kc6 {[%clk
0:02:55]} 65. Be3 {[%clk 0:22:04]} Kc7 {[%clk 0:03:17]} 66. Bh6 {[%clk 0:21:11]}
Kd6 {[%clk 0:03:32]} 67. Be2 {[%clk 0:19:53]} Kc5 {[%clk 0:03:33]} 68. Be3+
{[%clk 0:17:50]} Kc6 {[%clk 0:03:31]} 69. Ke6 {[%clk 0:17:10]} Kc7 {[%clk
0:02:53]} 70. Bh6 {[%clk 0:17:14]} Kc6 {[%clk 0:02:49]} 71. Bg7 {[%clk 0:17:23]}
Ng6 {[%clk 0:03:03]} 72. Kf5 {[%clk 0:17:17]} Ne7+ {[%clk 0:02:44]} 73. Kg4
{[%clk 0:17:21]} Bg5 {[%clk 0:03:08]} 74. Bd3 {[%clk 0:17:29]} Kc5 {[%clk
0:02:48]} 75. h4 {[%clk 0:16:55]} Bxh4 {[%clk 0:03:13]} 76. Kxh4 {[%clk 0:17:19]}
Kd4 {[%clk 0:03:13]} 77. Bh7 {[%clk 0:17:03]} Kxc4 {[%clk 0:03:58]} 78. Bxf6
{[%clk 0:17:14]} Nc6 {[%clk 0:03:46]} 79. Kg3 {[%clk 0:17:15]} Kb4 {[%clk
0:03:46]} 80. Kf3 {[%clk 0:16:54]} Ka3 {[%clk 0:04:10]} 81. Bg8 {[%clk 0:17:15]}
b5 {[%clk 0:04:17]} 82. Ke2 {[%clk 0:17:26]} b4 {[%clk 0:04:41]} 83. Kd2 {[%clk
0:17:47]} Na5 {[%clk 0:04:38]} 84. Kc2 {[%clk 0:17:56]} Nc6 {[%clk 0:05:02]} 85.
Bb2+ {[%clk 0:18:03]} Ka4 {[%clk 0:05:27]} 86. Bf7 {[%clk 0:18:06]} Kb5 {[%clk
0:05:40]} 87. Kd3 {[%clk 0:17:34]} Kc5 {[%clk 0:05:54]} 88. Bg7 {[%clk 0:17:16]}
Kb5 {[%clk 0:06:09]} 89. Bd4 {[%clk 0:17:16]} Na5 {[%clk 0:05:27]} 90. Be8+
{[%clk 0:16:43]} Ka6 {[%clk 0:05:51]} 91. Ba4 {[%clk 0:16:54]} Nb7 {[%clk
0:05:02]} 92. Kc4 {[%clk 0:16:31]} Na5+ {[%clk 0:05:25]} 93. Kxb4 {[%clk
0:16:36]} Nc6+ {[%clk 0:05:48]} 94. Kc3 {[%clk 0:16:55]} Ne7 {[%clk 0:05:27]} 95.
Bb3 {[%clk 0:17:01]} Kb5 {[%clk 0:05:47]} 96. a4+ {[%clk 0:16:34]} 1-0

[Event "Irena Warakomska Memorial A"]
[Site "Suwalki"]
[Date "2018.08.01"]
[Round "1"]
[White "Walkusz, Witoslaw"]
[Black "Teclaf, Pawel"]
[Result "0-1"]
[Board "36"]
[WhiteElo "2166"]
[WhiteTitle "FM"]
[WhiteCountry "POL"]
[WhiteFideId "1106570"]
[WhiteEloChange "-4"]
[BlackElo "2399"]
[BlackTitle "CM"]
[BlackCountry "POL"]
[BlackFideId "1185934"]
[BlackEloChange "4"]

1. e4 {[%clk 1:30:30]} c6 {[%clk 1:30:30]} 2. d4 {[%clk 1:30:30]} d5 {[%clk
1:30:30]} 3. exd5 {[%clk 1:30:30]} cxd5 {[%clk 1:30:30]} 4. Bd3 {[%clk 1:30:30]}
Nc6 {[%clk 1:30:30]} 5. c3 {[%clk 1:30:30]} Qc7 {[%clk 1:30:30]} 6. h3 {[%clk
1:30:30]} e6 {[%clk 1:30:30]} 7. Nf3 {[%clk 1:30:30]} Bd6 {[%clk 1:30:30]} 8. O-O
{[%clk 1:30:30]} Nge7 {[%clk 1:30:30]} 9. Re1 {[%clk 1:30:30]} Ng6 {[%clk
1:30:30]} 10. Nbd2 {[%clk 1:30:30]} f6 {[%clk 1:30:30]} 11. Nf1 {[%clk 1:30:30]}
O-O {[%clk 1:30:30]} 12. Qc2 {[%clk 1:30:30]} Qf7 {[%clk 1:30:30]} 13. a3 {[%clk
1:30:30]} e5 {[%clk 1:30:30]} 14. Bb5 {[%clk 1:30:30]} e4 {[%clk 1:30:30]} 15.
N3h2 {[%clk 1:30:30]} f5 {[%clk 1:30:30]} 16. f3 {[%clk 1:30:30]} Be6 {[%clk
1:30:30]} 17. Rd1 {[%clk 1:30:30]} a6 {[%clk 1:30:30]} 18. Bxc6 {[%clk 1:30:30]}
bxc6 {[%clk 1:30:30]} 19. b4 {[%clk 1:30:30]} Qc7 {[%clk 1:30:30]} 20. Bd2 {[%clk
1:30:30]} f4 {[%clk 1:30:30]} 21. fxe4 {[%clk 1:30:30]} dxe4 {[%clk 1:30:30]} 22.
Qxe4 {[%clk 1:30:30]} Bd5 {[%clk 1:30:30]} 23. Qd3 {[%clk 1:30:30]} f3 {[%clk
1:30:30]} 24. c4 {[%clk 1:30:30]} fxg2 {[%clk 1:30:30]} 25. cxd5 {[%clk 1:30:30]}
gxf1Q+ {[%clk 1:30:30]} 26. Nxf1 {[%clk 1:30:30]} Qf7 {[%clk 1:30:30]} 27. Qe2
{[%clk 1:30:30]} Rae8 {[%clk 1:30:30]} 28. Be3 {[%clk 1:30:30]} Nf4 {[%clk
1:30:30]} 29. Qg4 {[%clk 1:30:30]} h5 {[%clk 1:30:30]} 30. Bxf4 {[%clk 1:30:30]}
hxg4 {[%clk 1:30:30]} 31. Bxd6 {[%clk 1:30:30]} Qf2+ {[%clk 1:30:30]} 32. Kh1
{[%clk 1:30:30]} Re2 {[%clk 1:30:30]} 33. Ne3 {[%clk 1:30:30]} Qf3+ {[%clk
1:30:30]} 0-1

[Event "Irena Warakomska Memorial A"]
[Site "Suwalki"]
[Date "2018.08.01"]
[Round "1"]
[White "Schippers, Maurice"]
[Black "Lisowski, Krzysztof"]
[Result "1-0"]
[Board "41"]
[WhiteElo "2303"]
[WhiteCountry "NED"]
[WhiteFideId "1004735"]
[WhiteEloChange "4"]
[BlackElo "2072"]
[BlackCountry "POL"]
[BlackFideId "1110969"]
[BlackEloChange "-4"]

1. e4 {[%clk 1:30:56]} c5 {[%clk 1:30:55]} 2. Nf3 {[%clk 1:31:14]} Nc6 {[%clk
1:31:17]} 3. d4 {[%clk 1:31:33]} cxd4 {[%clk 1:31:40]} 4. Nxd4 {[%clk 1:31:58]}
Nf6 {[%clk 1:31:37]} 5. Nc3 {[%clk 1:32:04]} e5 {[%clk 1:31:54]} 6. Ndb5 {[%clk
1:32:09]} d6 {[%clk 1:32:15]} 7. Bg5 {[%clk 1:32:28]} a6 {[%clk 1:32:36]} 8. Na3
{[%clk 1:32:53]} b5 {[%clk 1:32:58]} 9. Bxf6 {[%clk 1:30:27]} gxf6 {[%clk
1:33:16]} 10. Nd5 {[%clk 1:30:39]} Bg7 {[%clk 1:31:32]} 11. Bd3 {[%clk 1:28:51]}
Ne7 {[%clk 1:31:34]} 12. Nxe7 {[%clk 1:27:45]} Qxe7 {[%clk 1:31:57]} 13. c4
{[%clk 1:27:58]} f5 {[%clk 1:29:09]} 14. O-O {[%clk 1:26:32]} O-O {[%clk
1:21:08]} 15. Qh5 {[%clk 1:24:01]} bxc4 {[%clk 0:51:57]} 16. Nxc4 {[%clk
1:23:23]} d5 {[%clk 0:50:56]} 17. exd5 {[%clk 1:05:59]} e4 {[%clk 0:48:53]} 18.
Bc2 {[%clk 1:05:41]} Qc5 {[%clk 0:43:02]} 19. Bb3 {[%clk 1:00:13]} a5 {[%clk
0:35:45]} 20. Rac1 {[%clk 0:57:33]} a4 {[%clk 0:23:23]} 21. Ne3 {[%clk 0:55:16]}
Qb4 {[%clk 0:16:16]} 22. Bc2 {[%clk 0:49:12]} Bxb2 {[%clk 0:09:52]} 23. Rb1
{[%clk 0:47:12]} Qc3 {[%clk 0:07:03]} 24. Nd1 {[%clk 0:44:14]} Qxc2 {[%clk
0:07:24]} 25. Rxb2 {[%clk 0:43:32]} Qc1 {[%clk 0:04:34]} 26. Re2 {[%clk 0:32:29]}
Qf4 {[%clk 0:02:45]} 27. Re3 {[%clk 0:30:08]} Ra6 {[%clk 0:02:46]} 28. Rh3 {[%clk
0:28:39]} h6 {[%clk 0:02:39]} 29. Rg3+ {[%clk 0:25:54]} Kh7 {[%clk 0:02:51]} 30.
Ne3 {[%clk 0:25:54]} Rg6 {[%clk 0:01:53]} 31. Rd1 {[%clk 0:23:46]} Rd8 {[%clk
0:01:51]} 32. a3 {[%clk 0:19:09]} Kg7 {[%clk 0:02:12]} 33. Rc1 {[%clk 0:16:31]}
Rg5 {[%clk 0:01:27]} 34. Rc6 {[%clk 0:15:33]} Rh8 {[%clk 0:00:53]} 35. Qd1 {[%clk
0:13:53]} Qe5 {[%clk 0:00:41]} 36. Nc4 {[%clk 0:13:39]} Qe7 {[%clk 0:00:37]} 37.
Qd4+ {[%clk 0:13:13]} f6 {[%clk 0:00:35]} 38. d6 {[%clk 0:11:04]} Qd8 {[%clk
0:00:54]} 39. Rc7+ {[%clk 0:10:04]} Kg6 {[%clk 0:00:55]} 40. Qd5 {[%clk 0:36:36]}
Rf8 {[%clk 0:30:37]} 41. Nb6 {[%clk 0:36:02]} f4 {[%clk 0:21:03]} 42. Rxg5+
{[%clk 0:35:28]} fxg5 {[%clk 0:20:27]} 43. Nxc8 {[%clk 0:34:40]} 1-0

[Event "Irena Warakomska Memorial A"]
[Site "Suwalki"]
[Date "2018.08.01"]
[Round "1"]
[White "Maj, Pawel"]
[Black "Goluch, Piotr"]
[Result "1/2-1/2"]
[Board "42"]
[WhiteElo "2084"]
[WhiteCountry "POL"]
[WhiteFideId "21818290"]
[WhiteEloChange "6"]
[BlackElo "2332"]
[BlackTitle "FM"]
[BlackCountry "POL"]
[BlackFideId "1137840"]
[BlackEloChange "-6"]

1. d4 {[%clk 1:30:57]} Nf6 {[%clk 1:30:28]} 2. Bg5 {[%clk 1:31:22]} Ne4 {[%clk
1:29:53]} 3. Bf4 {[%clk 1:31:47]} d5 {[%clk 1:29:06]} 4. e3 {[%clk 1:32:12]} c5
{[%clk 1:28:54]} 5. Bd3 {[%clk 1:27:30]} cxd4 {[%clk 1:28:33]} 6. Bxe4 {[%clk
1:26:04]} dxe4 {[%clk 1:28:59]} 7. Qxd4 {[%clk 1:26:11]} Qa5+ {[%clk 1:23:36]} 8.
Nc3 {[%clk 1:15:40]} Nc6 {[%clk 1:24:01]} 9. Qxe4 {[%clk 1:11:18]} Bf5 {[%clk
1:24:00]} 10. Qd5 {[%clk 1:08:05]} Qxd5 {[%clk 1:24:23]} 11. Nxd5 {[%clk
1:08:29]} O-O-O {[%clk 1:24:41]} 12. Nc3 {[%clk 1:00:52]} e5 {[%clk 1:24:54]} 13.
Bg5 {[%clk 0:58:09]} f6 {[%clk 1:18:41]} 14. e4 {[%clk 0:55:06]} fxg5 {[%clk
1:07:07]} 15. exf5 {[%clk 0:54:29]} Bb4 {[%clk 1:07:27]} 16. Ne2 {[%clk 0:52:21]}
Rhf8 {[%clk 1:06:34]} 17. a3 {[%clk 0:46:38]} Ba5 {[%clk 1:04:17]} 18. b4 {[%clk
0:45:08]} Bb6 {[%clk 1:04:42]} 19. Ne4 {[%clk 0:41:16]} Rxf5 {[%clk 1:03:25]} 20.
c3 {[%clk 0:39:57]} g4 {[%clk 1:00:10]} 21. Rd1 {[%clk 0:38:19]} Rxd1+ {[%clk
1:00:34]} 22. Kxd1 {[%clk 0:38:45]} Kd7 {[%clk 1:00:08]} 23. h3 {[%clk 0:35:40]}
gxh3 {[%clk 1:00:32]} 24. Rxh3 {[%clk 0:36:04]} h6 {[%clk 1:00:55]} 25. Ke1
{[%clk 0:32:05]} Ke6 {[%clk 0:58:12]} 26. Rd3 {[%clk 0:25:18]} Rf7 {[%clk
0:58:36]} 27. Rd6+ {[%clk 0:23:54]} Ke7 {[%clk 0:59:01]} 28. f3 {[%clk 0:23:16]}
Bc7 {[%clk 0:55:24]} 29. Rg6 {[%clk 0:21:44]} Kf8 {[%clk 0:51:30]} 30. Nc5 {[%clk
0:17:58]} Nd8 {[%clk 0:48:21]} 31. Ng3 {[%clk 0:16:56]} b6 {[%clk 0:41:52]} 32.
Ne6+ {[%clk 0:15:08]} Nxe6 {[%clk 0:42:17]} 33. Rxe6 {[%clk 0:15:34]} Rd7 {[%clk
0:37:07]} 34. Rc6 {[%clk 0:15:42]} Bd8 {[%clk 0:33:13]} 35. Ke2 {[%clk 0:16:05]}
Kf7 {[%clk 0:33:24]} 36. Ne4 {[%clk 0:15:53]} Be7 {[%clk 0:33:48]} 37. a4 {[%clk
0:14:55]} h5 {[%clk 0:31:07]} 38. b5 {[%clk 0:13:51]} g6 {[%clk 0:29:43]} 39. Nd2
{[%clk 0:13:09]} Bg5 {[%clk 0:26:12]} 40. Nc4 {[%clk 0:41:33]} Bf4 {[%clk
0:56:35]} 41. Nd6+ {[%clk 0:41:22]} Kg7 {[%clk 0:52:58]} 42. Ne4 {[%clk 0:41:09]}
1/2-1/2

[Event "Irena Warakomska Memorial A"]
[Site "Suwalki"]
[Date "2018.08.01"]
[Round "1"]
[White "Fiedorek, Michal"]
[Black "Szostko, Jakub"]
[Result "1/2-1/2"]
[Board "44"]
[WhiteElo "2066"]
[WhiteCountry "POL"]
[WhiteFideId "1199528"]
[WhiteEloChange "6"]
[BlackElo "2295"]
[BlackTitle "FM"]
[BlackCountry "POL"]
[BlackFideId "1174282"]
[BlackEloChange "-6"]

1. e4 {[%clk 1:30:56]} c5 {[%clk 1:30:42]} 2. Nf3 {[%clk 1:31:16]} d6 {[%clk
1:31:08]} 3. d4 {[%clk 1:31:40]} cxd4 {[%clk 1:31:34]} 4. Nxd4 {[%clk 1:32:02]}
Nf6 {[%clk 1:31:54]} 5. Nc3 {[%clk 1:32:26]} a6 {[%clk 1:32:10]} 6. Be3 {[%clk
1:32:23]} e5 {[%clk 1:31:36]} 7. Nf3 {[%clk 1:32:30]} Be7 {[%clk 1:31:14]} 8. Bc4
{[%clk 1:32:44]} O-O {[%clk 1:30:37]} 9. O-O {[%clk 1:32:47]} Nc6 {[%clk
1:18:01]} 10. Bb3 {[%clk 1:24:32]} h6 {[%clk 1:14:18]} 11. Qe2 {[%clk 1:11:00]}
Be6 {[%clk 1:08:36]} 12. Rfd1 {[%clk 1:11:04]} b5 {[%clk 1:02:44]} 13. Nh4 {[%clk
0:50:36]} Kh7 {[%clk 0:40:55]} 14. Nf5 {[%clk 0:40:47]} Na5 {[%clk 0:33:26]} 15.
Qf3 {[%clk 0:30:45]} Nxb3 {[%clk 0:32:18]} 16. axb3 {[%clk 0:30:50]} b4 {[%clk
0:28:59]} 17. Nd5 {[%clk 0:23:45]} Nxd5 {[%clk 0:28:09]} 18. exd5 {[%clk
0:23:02]} Bxf5 {[%clk 0:28:17]} 19. Qxf5+ {[%clk 0:23:24]} g6 {[%clk 0:27:24]}
20. Qd3 {[%clk 0:22:16]} Qc7 {[%clk 0:24:14]} 21. c4 {[%clk 0:19:42]} bxc3 {[%clk
0:15:46]} 22. bxc3 {[%clk 0:18:43]} Qb7 {[%clk 0:13:40]} 23. c4 {[%clk 0:18:25]}
Rfb8 {[%clk 0:12:09]} 24. Rab1 {[%clk 0:13:43]} Bg5 {[%clk 0:11:16]} 25. c5
{[%clk 0:06:47]} Bxe3 {[%clk 0:10:25]} 26. Qxe3 {[%clk 0:07:09]} dxc5 {[%clk
0:10:38]} 27. Qxc5 {[%clk 0:06:47]} Rd8 {[%clk 0:09:35]} 28. d6 {[%clk 0:06:36]}
Qb5 {[%clk 0:09:21]} 29. Qc4 {[%clk 0:03:49]} Qxc4 {[%clk 0:07:39]} 30. bxc4
{[%clk 0:04:14]} Rac8 {[%clk 0:08:06]} 31. Rbc1 {[%clk 0:03:17]} Rc5 {[%clk
0:08:20]} 32. Kf1 {[%clk 0:03:29]} Kg7 {[%clk 0:08:36]} 33. d7 {[%clk 0:01:42]}
Kf6 {[%clk 0:06:34]} 34. Rd6+ {[%clk 0:01:22]} Ke7 {[%clk 0:06:57]} 35. Rxa6
{[%clk 0:01:45]} Rxd7 {[%clk 0:07:20]} 36. Ke2 {[%clk 0:01:51]} Rd4 {[%clk
0:07:12]} 37. Ra7+ {[%clk 0:01:06]} Kf6 {[%clk 0:06:43]} 38. Ra6+ {[%clk
0:01:19]} Kg5 {[%clk 0:05:16]} 39. Ra4 {[%clk 0:00:49]} h5 {[%clk 0:03:58]} 40.
Rc3 {[%clk 0:30:31]} h4 {[%clk 0:33:05]} 41. Rb4 {[%clk 0:18:55]} f6 {[%clk
0:32:40]} 42. Ra4 {[%clk 0:15:27]} Rc6 {[%clk 0:32:08]} 43. h3 {[%clk 0:14:19]}
Kf5 {[%clk 0:31:23]} 44. Rf3+ {[%clk 0:12:06]} Ke6 {[%clk 0:31:32]} 45. Rc3
{[%clk 0:12:26]} g5 {[%clk 0:28:45]} 46. Rb4 {[%clk 0:10:14]} Kf5 {[%clk
0:25:10]} 47. Rf3+ {[%clk 0:09:50]} Ke6 {[%clk 0:25:19]} 48. Rc3 {[%clk 0:09:49]}
f5 {[%clk 0:19:37]} 49. f3 {[%clk 0:09:45]} f4 {[%clk 0:15:46]} 50. Ra4 {[%clk
0:08:47]} Kf5 {[%clk 0:14:37]} 51. Rb4 {[%clk 0:08:36]} Rc5 {[%clk 0:12:51]} 52.
Ra4 {[%clk 0:07:06]} Rc6 {[%clk 0:08:56]} 53. Rb4 {[%clk 0:07:19]} 1/2-1/2